| 000 | 00374nam a22001577a 4500 | ||
|---|---|---|---|
| 005 | 20160426154746.0 | ||
| 008 | 160426b xxu||||| |||| 00| 0 eng d | ||
| 020 | _a81-259-1090-5 | ||
| 041 | _aeng | ||
| 082 | _b00171 | ||
| 100 |
_aSaxena, Sanjay _976 |
||
| 245 | _aA First Course in Computers | ||
| 260 |
_aNew Delhi _bVikash Publishing, _c2001 |
||
| 300 | _a636 | ||
| 942 | _cBK | ||
| 999 |
_c50 _d50 |
||